[Event "Russian Championship B13 2016"]
[Site "Loo"]
[Date "2016.04.28"]
[Round "9.14"]
[White "Mochalin, Faddey"]
[Black "Kataev, Aleksandr"]
[Result "1-0"]
[WhiteElo "1866"]
[BlackElo "1800"]
[PlyCount "71"]
[EventDate "2016.04.20"]

1. d4 Nf6 2. c4 g6 3. Nc3 Bg7 4. Nf3 d6 5. e4 O-O 6. Be2 e5 7. O-O Nc6 8. d5
Ne7 9. b4 Ne8 10. Ne1 f5 11. f3 Nf6 12. Nd3 Bd7 13. c5 a5 14. Ba3 axb4 15. Bxb4
Nc8 16. Qb3 Be8 17. a4 Bh6 18. Ba3 Be3+ 19. Kh1 Bd4 20. Bb4 fxe4 21. fxe4 Bxc3
22. Bxc3 Nxe4 23. Rxf8+ Kxf8 24. Rf1+ Kg7 25. Nxe5 Nxc3 26. Qxc3 dxe5 27. Qxe5+
Kg8 28. Bg4 Bd7 29. Be6+ Bxe6 30. Qxe6+ Kg7 31. Rf7+ Kh6 32. Qh3+ Kg5 33. Qe3+
Kh5 34. Rxh7+ Kg4 35. Qf3+ Kg5 36. h4# 1-0

[Event "Russian Championship B13 2016"]
[Site "Loo"]
[Date "2016.04.28"]
[Round "9.15"]
[White "Erokhin, Artem"]
[Black "Babakekhyan, Artem"]
[Result "1/2-1/2"]
[WhiteElo "1655"]
[BlackElo "1846"]
[PlyCount "60"]
[EventDate "2016.04.20"]

1. e4 c5 2. c3 Nf6 3. e5 Nd5 4. d4 cxd4 5. Nf3 Nc6 6. Bc4 Nb6 7. Bb3 d5 8. exd6
Qxd6 9. O-O e6 10. cxd4 Be7 11. Nc3 a6 12. d5 exd5 13. Bxd5 O-O 14. Be3 Nxd5
15. Nxd5 Be6 16. Nxe7+ Qxe7 17. Qc2 Qf6 18. Bg5 Qg6 19. Qxg6 hxg6 20. Be3 Rfd8
21. a3 Rd3 22. Rfd1 Rad8 23. Rd2 Bb3 24. Rc1 f6 25. Rc3 Rxc3 26. Rxd8+ Nxd8 27.
bxc3 Ne6 28. Nd4 Nxd4 29. Bxd4 Kf7 30. Bc5 Bc4 1/2-1/2

[Event "Russian Championship B13 2016"]
[Site "Loo"]
[Date "2016.04.28"]
[Round "9.16"]
[White "Kirillov, Dmitry"]
[Black "Privalov, Igor"]
[Result "1-0"]
[WhiteElo "1930"]
[BlackElo "1864"]
[PlyCount "141"]
[EventDate "2016.04.20"]

1. e4 c5 2. Nf3 Nc6 3. d4 cxd4 4. Nxd4 g6 5. Nb3 Bg7 6. Be2 Nf6 7. Nc3 O-O 8.
O-O d6 9. Re1 Be6 10. Bg5 Ne5 11. Bf1 Rc8 12. Nd5 Bxd5 13. exd5 Nc4 14. Rb1 Qd7
15. Qf3 Ne5 16. Qd1 Qf5 17. f4 Nc4 18. Rxe7 Qxd5 19. Bxf6 Qxd1 20. Rxd1 Bxf6
21. Rxb7 Bd8 22. Nd4 Ne3 23. Rd2 Bb6 24. c3 Rfe8 25. Ba6 Rc5 26. Re2 Ra5 27.
Bc4 d5 28. b4 Ra3 29. Bxd5 Rxc3 30. Bxf7+ Kf8 31. Ne6+ Rxe6 32. Bxe6 Ng4+ 33.
Kf1 Rc1+ 34. Re1 Nxh2+ 35. Ke2 Rc3 36. Rxh7 Rc2+ 37. Kd3 Rxg2 38. Rc1 Rg3+ 39.
Ke4 Re3+ 40. Kd5 Rd3+ 41. Ke5 Nf3+ 42. Kf6 Bd8+ 43. Kxg6 Rd6 44. f5 Ne5+ 45.
Kh5 Rd2 46. Rh8+ Ke7 47. Kg5 Bb6 48. Rcc8 Be3+ 49. Kh4 Bf4 50. Rh7+ Kd6 51.
Rd8+ Kc6 52. Rxd2 Bxd2 53. Rxa7 Bxb4 54. f6 Kb6 55. Ra8 Kb7 56. Bd5+ Kc7 57.
Kg5 Kd6 58. Bb3 Bd2+ 59. Kf5 Nd7 60. Ra6+ Kc7 61. Ra7+ Kd6 62. f7 Bb4 63. Kg6
Bc5 64. Ra8 Kc7 65. Kg7 Bd4+ 66. Kh7 Bc5 67. Kg8 Kb7 68. Bd5+ Kc7 69. f8=Q Bxf8
70. Rxf8 Nxf8 71. Kxf8 1-0

[Event "Russian Championship B13 2016"]
[Site "Loo"]
[Date "2016.04.28"]
[Round "9.17"]
[White "Tsyrendashiev, Bato"]
[Black "Shadunts, Kirill"]
[Result "1/2-1/2"]
[WhiteElo "1687"]
[BlackElo "1715"]
[PlyCount "76"]
[EventDate "2016.04.20"]

1. e4 e6 2. d4 d5 3. Bd3 dxe4 4. Bxe4 Nf6 5. Bf3 Bd6 6. Ne2 Nbd7 7. O-O e5 8.
Ng3 exd4 9. Re1+ Ne5 10. Bf4 Nfd7 11. Qxd4 O-O 12. Rxe5 Nxe5 13. Bxe5 Re8 14.
Bxd6 Re1+ 15. Nf1 Qxd6 16. Qc3 Qe7 17. b3 Bf5 18. Nbd2 c6 19. Nc4 Rxa1 20. Qxa1
Bxc2 21. Nfe3 Bd3 22. Ne5 Bg6 23. h3 Re8 24. Nxg6 hxg6 25. Qd4 a6 26. Nc4 Qg5
27. h4 Re1+ 28. Kh2 Qc1 29. Ne3 Rh1+ 30. Kg3 Qg1 31. Ng4 f5 32. Qd8+ Kh7 33.
Nf6+ gxf6 34. Qe7+ Kg8 35. Qe8+ Kg7 36. Qe7+ Kg8 37. Qe8+ Kg7 38. Qe7+ Kg8
1/2-1/2

[Event "Russian Championship B13 2016"]
[Site "Loo"]
[Date "2016.04.28"]
[Round "9.18"]
[White "Tsybikov, Tumen"]
[Black "Makhlin, Miron"]
[Result "1-0"]
[WhiteElo "1977"]
[BlackElo "1788"]
[PlyCount "105"]
[EventDate "2016.04.20"]

1. e4 c6 2. Nf3 d5 3. Nc3 Bg4 4. h3 Bxf3 5. Qxf3 e6 6. d4 dxe4 7. Nxe4 Nd7 8.
Bd3 Ngf6 9. O-O Be7 10. Bf4 Nxe4 11. Qxe4 Nf6 12. Qe5 O-O 13. Rad1 Nd5 14. Qe4
g6 15. Bh6 Re8 16. c4 Nb6 17. b3 Bf6 18. Bc2 Qe7 19. Rfe1 c5 20. dxc5 Qxc5 21.
Qf3 Bh8 22. Be4 Qa5 23. Bxb7 Rab8 24. a4 Qc3 25. Re3 Qb4 26. Red3 Nxc4 27. bxc4
Qxb7 28. Qe3 Qb6 29. c5 Qc6 30. Rd7 Rb1 31. Rxb1 Qxd7 32. Qe4 f5 33. Qb7 Qxb7
34. Rxb7 Bd4 35. c6 Rc8 36. Rd7 Bb6 37. Rg7+ Kh8 38. Re7 Kg8 39. Rxe6 Bc5 40.
Re1 Kf7 41. Rc1 Bb6 42. Bf4 Ke6 43. c7 Kd7 44. Rd1+ Ke7 45. Re1+ Kd7 46. Rd1+
Ke7 47. Rb1 Kd7 48. g3 Bxc7 49. Rb7 Kc6 50. Rxa7 Bxf4 51. gxf4 Rh8 52. a5 Kb5
53. Kg2 1-0

[Event "Russian Championship B13 2016"]
[Site "Loo"]
[Date "2016.04.28"]
[Round "9.19"]
[White "Grankin, Alexey"]
[Black "Kulaev, Maxim"]
[Result "1/2-1/2"]
[WhiteElo "1734"]
[BlackElo "1966"]
[PlyCount "86"]
[EventDate "2016.04.20"]

1. e4 c5 2. Nf3 d6 3. d4 cxd4 4. Nxd4 Nf6 5. Nc3 a6 6. Bg5 e6 7. Qd2 Be7 8. f4
Qb6 9. O-O-O h6 10. Bh4 Qc7 11. Nf3 Nbd7 12. Kb1 b5 13. Bxf6 Nxf6 14. e5 b4 15.
exf6 bxc3 16. fxg7 Rg8 17. Qxc3 Qxc3 18. bxc3 Rb8+ 19. Kc1 Rxg7 20. Nd4 Bb7 21.
Rg1 Rc8 22. Kd2 Kd7 23. g3 Rc7 24. Rb1 Rg8 25. Be2 Bf6 26. Rb6 Rgc8 27. Rxb7
Rxb7 28. Bxa6 Ra7 29. Bxc8+ Kxc8 30. Ra1 Ra4 31. Kd3 d5 32. Nb5 Kd7 33. a3 h5
34. Rb1 h4 35. Rb3 hxg3 36. hxg3 e5 37. Rb4 Ra6 38. c4 Be7 39. Rb3 dxc4+ 40.
Kxc4 exf4 41. gxf4 Ra4+ 42. Kd5 Rxf4 43. Nd4 Rg4 1/2-1/2

[Event "Russian Championship B13 2016"]
[Site "Loo"]
[Date "2016.04.28"]
[Round "9.20"]
[White "Gabitov, Bulat"]
[Black "Golovin, Nikita A"]
[Result "1/2-1/2"]
[WhiteElo "1742"]
[BlackElo "1853"]
[PlyCount "81"]
[EventDate "2016.04.20"]

1. d4 c5 2. d5 f5 3. c4 Nf6 4. Nc3 d6 5. Nf3 e5 6. dxe6 Bxe6 7. Ng5 Bd7 8. Bf4
h6 9. Nf3 Bc6 10. h4 Be7 11. Qc2 Ne4 12. h5 O-O 13. e3 Qa5 14. Bd3 Bf6 15. Bxe4
fxe4 16. Nd2 Nd7 17. O-O Be5 18. Ne2 Bxf4 19. Nxf4 Ne5 20. Nxe4 Qd8 21. Ng3 Qh4
22. Ng6 Nxg6 23. hxg6 Rf6 24. Nf5 Qg4 25. Ne7+ Kh8 26. Nxc6 bxc6 27. f3 Qxg6
28. Qxg6 Rxg6 29. Rad1 Kg8 30. e4 Re6 31. Rd2 Kf7 32. Rfd1 Ke7 33. Kf2 a5 34.
Kg1 g5 35. Kf2 a4 36. Kg3 Rb8 37. a3 Rb3 38. Kg4 Rf6 39. Kh5 Rb7 40. Kg4 Rd7
41. Kg3 1/2-1/2

[Event "Russian Championship B13 2016"]
[Site "Loo"]
[Date "2016.04.28"]
[Round "9.21"]
[White "Khaliullin, Albert"]
[Black "Breskanu, Nikita"]
[Result "1/2-1/2"]
[WhiteElo "1689"]
[BlackElo "1810"]
[PlyCount "140"]
[EventDate "2016.04.20"]

1. e4 c5 2. c3 d5 3. exd5 Qxd5 4. d4 Nc6 5. Nf3 e6 6. Be2 Nf6 7. O-O Be7 8. Be3
b6 9. dxc5 Bxc5 10. Bxc5 Qxc5 11. Nbd2 O-O 12. Nb3 Qe7 13. Nfd4 Nxd4 14. Nxd4
Bb7 15. Bf3 Rfd8 16. Qe2 Rac8 17. Rad1 Bd5 18. Bxd5 Nxd5 19. Rd2 Qg5 20. Nf3
Qf5 21. Rfd1 Qf6 22. Qe5 Qxe5 23. Nxe5 f6 24. Nf3 Kf7 25. Kf1 Ke7 26. g3 g5 27.
Ke2 b5 28. Rd4 Rc5 29. Ke1 h5 30. Nd2 Rc7 31. Ne4 Rdd7 32. a3 g4 33. R4d3 f5
34. Nd2 Nb6 35. Rxd7+ Rxd7 36. b3 e5 37. Nb1 Rxd1+ 38. Kxd1 Ke6 39. Ke2 Kd5 40.
Ke3 a5 41. Kd3 a4 42. c4+ bxc4+ 43. bxc4+ Kc5 44. Nd2 e4+ 45. Kc3 Nd7 46. Nf1
Ne5 47. Ne3 Nd3 48. Nd1 f4 49. gxf4 Nxf4 50. Ne3 Ne2+ 51. Kd2 Nd4 52. Kc3 Nf3
53. Nd5 Nxh2 54. Nf6 h4 55. Nxe4+ Kc6 56. Kd2 h3 57. Ke2 Nf3 58. Kf1 Kc7 59.
Nc5 Nd2+ 60. Kg1 Nxc4 61. Nxa4 Nxa3 62. Nc5 Kd6 63. Nd3 Ke6 64. Kh2 Kf5 65. Nc1
Kf4 66. Ne2+ Kg5 67. Kg3 Nc4 68. Ng1 Nd2 69. Nxh3+ Kf5 70. Ng1 Kg5 1/2-1/2

[Event "Russian Championship B13 2016"]
[Site "Loo"]
[Date "2016.04.28"]
[Round "9.22"]
[White "Mishuris, Matvey"]
[Black "Radochin, Oleg"]
[Result "1/2-1/2"]
[WhiteElo "1784"]
[BlackElo "1729"]
[PlyCount "80"]
[EventDate "2016.04.20"]

1. d4 d5 2. c4 e6 3. Nf3 Nf6 4. g3 Bb4+ 5. Bd2 Be7 6. Bg2 O-O 7. O-O c6 8. Qc2
b6 9. Rd1 Bb7 10. b3 Nbd7 11. Nc3 Rc8 12. e4 Nxe4 13. Nxe4 dxe4 14. Qxe4 Nf6
15. Qc2 h6 16. a4 a5 17. Bc3 Qc7 18. Nd2 c5 19. Ne4 Nxe4 20. Bxe4 Bf6 21. d5
Bxc3 22. Qxc3 exd5 23. Bxd5 Bxd5 24. Rxd5 Rce8 25. Rad1 Re6 26. Qf3 Qc6 27.
R5d3 Qxf3 28. Rxf3 Rfe8 29. Rd7 R8e7 30. Rxe7 Rxe7 31. Kf1 Kf8 32. Rd3 Ke8 33.
Rd6 Rb7 34. Ke2 Ke7 35. Rd5 Rd7 36. Rxd7+ Kxd7 37. g4 Ke6 38. Ke3 f5 39. gxf5+
Kxf5 40. h3 Ke5 1/2-1/2

[Event "Russian Championship B13 2016"]
[Site "Loo"]
[Date "2016.04.28"]
[Round "9.23"]
[White "Rustamov, Sezqin"]
[Black "Kharitonov, Egor"]
[Result "1/2-1/2"]
[WhiteElo "1732"]
[BlackElo "1782"]
[PlyCount "82"]
[EventDate "2016.04.20"]

1. e4 c5 2. Nf3 e6 3. c4 Nc6 4. Nc3 a6 5. d4 cxd4 6. Nxd4 Nf6 7. Be3 Bb4 8.
Nxc6 dxc6 9. Qxd8+ Kxd8 10. O-O-O+ Ke7 11. f3 e5 12. Na4 Be6 13. a3 Bd6 14. Nc5
b5 15. Nb7 Bc7 16. Bc5+ Ke8 17. Nd6+ Bxd6 18. Bxd6 Nd7 19. c5 f6 20. b4 Rc8 21.
g3 Kf7 22. f4 Bg4 23. Rd2 Bf3 24. Bg2 Bxg2 25. Rxg2 exf4 26. gxf4 Rhe8 27. Re1
Nf8 28. e5 Ng6 29. Rf2 f5 30. Rd1 Red8 31. Kd2 Ne7 32. Ke3 Nd5+ 33. Kf3 a5 34.
bxa5 Ra8 35. Rd3 Rxa5 36. Bc7 Nxc7 37. Rxd8 Rxa3+ 38. Kg2 Ne6 39. Rd7+ Ke8 40.
Rd6 Nxc5 41. Rxc6 Nd3 1/2-1/2

[Event "Russian Championship B13 2016"]
[Site "Loo"]
[Date "2016.04.28"]
[Round "9.24"]
[White "Goren, Aleksandr"]
[Black "Terzyan, Nazar"]
[Result "0-1"]
[WhiteElo "1777"]
[BlackElo "1708"]
[PlyCount "92"]
[EventDate "2016.04.20"]

1. e4 c5 2. Nf3 Nc6 3. d4 cxd4 4. Nxd4 g6 5. Nc3 Bg7 6. Be3 Nf6 7. f4 d6 8. Be2
O-O 9. Nb3 Bd7 10. g4 a5 11. g5 Ne8 12. Qd2 f5 13. exf5 Bxf5 14. Nd4 Nxd4 15.
Bxd4 e5 16. fxe5 dxe5 17. Bc5 Qxd2+ 18. Kxd2 Rd8+ 19. Kc1 Nd6 20. Rd1 Ne4 21.
Bxf8 Rxf8 22. Bc4+ Kh8 23. Nxe4 Bxe4 24. Bd3 Bc6 25. a4 Bf3 26. Re1 e4 27. Be2
Bxe2 28. Kd2 Bf3 29. c3 Be5 30. h4 Bg3 31. Rg1 Bxh4 32. Raf1 Rf5 33. b4 Bxg5+
34. Kc2 Be3 35. Rg3 Bf4 36. Rfxf3 exf3 37. Rxf3 axb4 38. cxb4 Bd6 39. Rxf5 gxf5
40. b5 Bc5 41. a5 f4 42. Kd3 f3 43. b6 f2 44. Ke2 h5 45. a6 bxa6 46. b7 Ba7 0-1

[Event "Russian Championship B13 2016"]
[Site "Loo"]
[Date "2016.04.28"]
[Round "9.25"]
[White "Belkov, Nikolay"]
[Black "Reva, Lev"]
[Result "1-0"]
[WhiteElo "1779"]
[BlackElo "1495"]
[PlyCount "65"]
[EventDate "2016.04.20"]

1. e4 c5 2. Nf3 Nc6 3. d4 cxd4 4. Nxd4 g6 5. c4 Bg7 6. Be3 d6 7. Nc3 Nf6 8. Be2
Bd7 9. O-O O-O 10. Rc1 Qc7 11. Qd2 a6 12. Rfd1 Rac8 13. f3 Rfe8 14. Kh1 Ne5 15.
b3 Nc6 16. Bf1 Ne5 17. Nde2 Red8 18. Nd4 Nc6 19. Nd5 Qa5 20. Qxa5 Nxa5 21.
Nxe7+ Kf8 22. Nxc8 Bxc8 23. Bd2 Nc6 24. Nxc6 bxc6 25. Bb4 Ke7 26. e5 Ne8 27.
exd6+ Nxd6 28. Bxd6+ Rxd6 29. Rxd6 Kxd6 30. c5+ Kc7 31. Bc4 f6 32. Re1 Bf8 33.
Be6 {далее запись неразбор~~ива} 1-0

[Event "Russian Championship B13 2016"]
[Site "Loo"]
[Date "2016.04.28"]
[Round "9.27"]
[White "Gafarov, Damir"]
[Black "Butorov, Lev"]
[Result "1-0"]
[WhiteElo "1597"]
[BlackElo "1571"]
[PlyCount "75"]
[EventDate "2016.04.20"]

1. e4 e5 2. Nf3 Nc6 3. Bb5 Nge7 4. c3 g6 5. O-O Bg7 6. Re1 O-O 7. d3 d6 8. h3
a6 9. Ba4 b5 10. Bc2 Re8 11. Nbd2 d5 12. Qe2 Bb7 13. Nf1 h6 14. Ng3 Qd7 15. a4
Kh8 16. axb5 axb5 17. Rxa8 Rxa8 18. exd5 Nxd5 19. Ne4 Qe7 20. Bb3 Nb6 21. Ng3
Re8 22. Bd2 f5 23. d4 e4 24. Qxb5 Qf8 25. Nh4 Qf6 26. Nf3 Re7 27. Nh2 Na7 28.
Qe2 f4 29. Ngf1 Nac8 30. Bc1 f3 31. gxf3 exf3 32. Qd1 Qh4 33. Rxe7 Nxe7 34.
Nxf3 Qxh3 35. N1h2 Nf5 36. Qe2 Bc6 37. Qe6 Bb5 38. Qg8# 1-0

[Event "Russian Championship B13 2016"]
[Site "Loo"]
[Date "2016.04.28"]
[Round "9.28"]
[White "Zheleznov, Daniil"]
[Black "Boyko, Aleksandr"]
[Result "0-1"]
[WhiteElo "1567"]
[BlackElo "1635"]
[PlyCount "74"]
[EventDate "2016.04.20"]

1. d4 Nf6 2. Nf3 g6 3. Nbd2 Bg7 4. e4 d6 5. Bd3 O-O 6. O-O c5 7. c3 cxd4 8.
cxd4 Nc6 9. b3 Nh5 10. Bb2 Nf4 11. Bc2 Bg4 12. g3 Nh3+ 13. Kg2 Ng5 14. Re1 Nxd4
15. Bxd4 Bxd4 16. Rb1 Bc3 17. Qc1 Nxf3 18. Nxf3 Bxe1 19. Nxe1 Rc8 20. Qg5 Bd7
21. h4 e6 22. Qe3 Bc6 23. Nf3 f5 24. Ng5 Qe7 25. f3 fxe4 26. Nxe4 Bxe4 27. Bxe4
d5 28. Bxd5 Rc2+ 29. Kh1 Re8 30. Re1 Kf7 31. Qh6 Qf6 32. Qxh7+ Kf8 33. Qh6+ Qg7
34. Qe3 e5 35. Qxa7 Qd7 36. Bc4 Qh3+ 37. Kg1 Qg2# 0-1

[Event "Russian Championship B13 2016"]
[Site "Loo"]
[Date "2016.04.28"]
[Round "9.29"]
[White "Kozubov, Mikhail"]
[Black "Gaglazov, Mikhail"]
[Result "1/2-1/2"]
[WhiteElo "1687"]
[BlackElo "1562"]
[PlyCount "129"]
[EventDate "2016.04.20"]

1. d4 Nf6 2. c4 e6 3. Nc3 Bb4 4. e3 O-O 5. Nf3 Ne4 6. Bd2 Bxc3 7. Bxc3 Nxc3 8.
bxc3 d6 9. Bd3 Re8 10. Qc2 h6 11. O-O e5 12. Rad1 Nc6 13. Be4 Qf6 14. Rb1 exd4
15. cxd4 Rxe4 16. Qxe4 Bf5 17. Qf4 Bxb1 18. Qxf6 gxf6 19. Rxb1 Na5 20. Nd2 b6
21. Rc1 Rd8 22. Kf1 Kf8 23. Ke2 f5 24. d5 Kg7 25. Kd3 c5 26. f3 Re8 27. e4
fxe4+ 28. Nxe4 Nb7 29. Nc3 Kf6 30. Nb5 Ra8 31. Re1 Rb8 32. Re2 a6 33. Nc3 h5
34. Ne4+ Kg6 35. a4 f5 36. Nc3 Nd8 37. Rb2 a5 38. Nb5 Nf7 39. Re2 Ne5+ 40. Kc3
Rd8 41. f4 Nf7 42. Re6+ Kg7 43. Re7 Kf6 44. Rb7 Rg8 45. g3 h4 46. gxh4 Rg4 47.
Rxb6 Rxf4 48. Nxd6 Rf3+ 49. Kd2 Nxd6 50. Rxd6+ Kf7 51. Ra6 Rf4 52. Kd3 Rxh4 53.
Rxa5 Rh3+ 54. Ke2 Rxh2+ 55. Kf3 Ra2 56. Ra7+ Kf6 57. a5 Ra3+ 58. Ke2 Ra4 59.
Kd3 Ra3+ 60. Kc2 f4 61. Ra8 f3 62. Kb2 Kf7 63. Ra7+ Kf6 64. Ra6+ Kf7 65. Ra7+
1/2-1/2

[Event "Russian Championship B13 2016"]
[Site "Loo"]
[Date "2016.04.28"]
[Round "9.33"]
[White "Pestryakov, Nikita"]
[Black "Donets, Nikolai"]
[Result "1-0"]
[WhiteElo "1659"]
[BlackElo "1295"]
[PlyCount "105"]
[EventDate "2016.04.20"]

1. e4 e5 2. Nf3 Nc6 3. Bc4 Bc5 4. c3 d6 5. d4 Bb6 6. dxe5 Nxe5 7. Nxe5 dxe5 8.
Bxf7+ Ke7 9. Bg5+ Nf6 10. Bxf6+ gxf6 11. Qxd8+ Rxd8 12. Bb3 Be6 13. Bxe6 Kxe6
14. Na3 Rg8 15. g3 a5 16. Nc4 Ba7 17. Ke2 a4 18. Rad1 b5 19. Ne3 Rad8 20. Nd5
c5 21. Nc7+ Ke7 22. Nxb5 Bb6 23. Na3 Ba7 24. Rxd8 Rxd8 25. Nc4 Ke6 26. Rd1 Rxd1
27. Kxd1 f5 28. exf5+ Kxf5 29. Ke2 Kg4 30. Nxe5+ Kh3 31. Nf3 h5 32. Nd2 Kxh2
33. Ne4 Kh3 34. Nd6 Bb6 35. Kf3 Bc7 36. Nf7 c4 37. Ng5+ Kh2 38. Ne4 Be5 39. Nc5
a3 40. bxa3 Bxc3 41. a4 Bb4 42. Ne6 Ba5 43. Nd4 Bb6 44. Nc2 Kh3 45. Ke2 Kg4 46.
Ne3+ Kh3 47. Nxc4 Bc7 48. a5 Bxg3 49. fxg3 Kxg3 50. Ne3 h4 51. Nf5+ Kg4 52.
Nxh4 Kxh4 53. a6 1-0

[Event "Russian Championship B13 1st league 2016"]
[Site "Loo"]
[Date "2016.04.28"]
[Round "9.1"]
[White "Dudin, Gleb"]
[Black "Volovich, Vasily"]
[Result "1/2-1/2"]
[WhiteElo "1857"]
[BlackElo "1875"]
[PlyCount "54"]
[EventDate "2016.04.20"]

1. d4 f5 2. c4 Nf6 3. Nc3 g6 4. Nf3 Bg7 5. b4 O-O 6. Bb2 d6 7. e3 e6 8. Qb3 h6
9. Be2 Nbd7 10. h3 Re8 11. c5 d5 12. a4 c6 13. a5 a6 14. O-O-O Ne4 15. Rdf1
Nxc3 16. Bxc3 Kh7 17. Qb2 Qc7 18. Ne5 Nxe5 19. dxe5 Qe7 20. f4 Bd7 21. g3 Rh8
22. h4 h5 23. Kc2 Kg8 24. Rb1 Kf7 25. Kd2 Kg8 26. Kc2 Kf7 27. Kd2 Kg8 1/2-1/2

[Event "Russian Championship B13 1st league 2016"]
[Site "Loo"]
[Date "2016.04.28"]
[Round "9.2"]
[White "Ismailov, Amir"]
[Black "Mutovin, Egor"]
[Result "0-1"]
[WhiteElo "1714"]
[BlackElo "1801"]
[PlyCount "114"]
[EventDate "2016.04.20"]

1. d4 Nf6 2. Bg5 e6 3. e4 Be7 4. Bxf6 Bxf6 5. c4 d5 6. e5 Be7 7. Nf3 O-O 8. Nc3
f6 9. Qc2 fxe5 10. dxe5 d4 11. O-O-O c5 12. Bd3 h6 13. Ne4 Nc6 14. a3 Qc7 15.
Nd6 Bxd6 16. exd6 Qxd6 17. Kb1 Ne5 18. Nxe5 Qxe5 19. Rde1 Qf6 20. f3 e5 21. g4
Bd7 22. Be4 Bc6 23. h4 Qd6 24. Qd3 Rf4 25. g5 h5 26. Ref1 Raf8 27. Kc1 Qe6 28.
b3 Bxe4 29. fxe4 Qg4 30. Rfg1 Qf3 31. Qxf3 Rxf3 32. g6 Rxb3 33. Rf1 Rf6 34. Rf5
Rxf5 35. exf5 Rxa3 36. Kd2 e4 37. Kc2 Rc3+ 38. Kb2 Rxc4 39. Ra1 a6 40. Kb3 Rc3+
41. Kb2 e3 42. Re1 Kf8 43. Rf1 e2 44. Re1 Re3 45. Kc2 b5 46. f6 gxf6 47. Kd2 b4
48. Kc2 c4 49. Kb2 d3 50. Kc1 c3 51. g7+ Kg8 52. Kb1 d2 53. Kc2 dxe1=Q 54. Kb3
Qb1+ 55. Kc4 c2 56. Kd4 c1=Q 57. Kd5 Qd3# 0-1

[Event "Russian Championship B13 1st league 2016"]
[Site "Loo"]
[Date "2016.04.28"]
[Round "9.3"]
[White "Arbuzov, Timofey"]
[Black "Zhukov, Maksim"]
[Result "0-1"]
[WhiteElo "1739"]
[BlackElo "1861"]
[PlyCount "52"]
[EventDate "2016.04.20"]

1. d4 Nf6 2. c4 g6 3. f3 c5 4. d5 d6 5. e4 Bg7 6. Nc3 O-O 7. Be3 a6 8. Qd2 Bd7
9. Bd3 b5 10. Nge2 bxc4 11. Bxc4 Qb6 12. g4 Bb5 13. Bxb5 axb5 14. h4 Nbd7 15.
Bf4 c4 16. h5 Nc5 17. Be3 Nfd7 18. hxg6 fxg6 19. Nf4 Ne5 20. Rh3 Rxf4 21. Bxf4
Nb3 22. axb3 Rxa1+ 23. Nd1 Qg1+ 24. Ke2 Qg2+ 25. Nf2 Qf1+ 26. Ke3 Re1+ 0-1

[Event "Russian Championship B13 1st league 2016"]
[Site "Loo"]
[Date "2016.04.28"]
[Round "9.4"]
[White "Smirnov, Dmitrii"]
[Black "Galiev, Irek"]
[Result "0-1"]
[WhiteElo "1735"]
[BlackElo "1859"]
[PlyCount "60"]
[EventDate "2016.04.20"]

1. d4 Nf6 2. c4 g6 3. Nc3 d5 4. cxd5 Nxd5 5. e4 Nxc3 6. bxc3 Bg7 7. Bc4 c5 8.
Ne2 O-O 9. O-O Nc6 10. Be3 cxd4 11. cxd4 b6 12. Rc1 Bb7 13. Bd5 Rc8 14. Qa4 Qd7
15. Rc2 e6 16. Bb3 Qe7 17. Rfc1 a6 18. Rxc6 b5 19. Qa5 Rxc6 20. Rxc6 Bxc6 21.
Qxa6 Qb4 22. h3 Bxe4 23. Ng3 Bd5 24. Bxd5 exd5 25. a3 Qc4 26. Qa7 f5 27. f4 Re8
28. Kf2 Qc2+ 29. Kf3 Qd3 30. Qd7 Qxe3# 0-1

[Event "Russian Championship B13 1st league 2016"]
[Site "Loo"]
[Date "2016.04.28"]
[Round "9.5"]
[White "Erastov, Semen"]
[Black "Garifzyanov, Niyaz"]
[Result "1-0"]
[WhiteElo "1775"]
[BlackElo "1682"]
[PlyCount "79"]
[EventDate "2016.04.20"]

1. e4 e6 2. d4 d5 3. Nd2 a6 4. Ngf3 Nf6 5. e5 Nfd7 6. Bd3 c5 7. c3 Nc6 8. O-O
Qb6 9. a3 cxd4 10. cxd4 Nxd4 11. Nxd4 Qxd4 12. Nf3 Qb6 13. Qa4 h6 14. Qg4 Nb8
15. b4 Bd7 16. Be3 Qd8 17. h4 Nc6 18. Rfc1 b5 19. Rc2 Qb8 20. Qg3 a5 21. bxa5
Rxa5 22. Rb2 Qa8 23. Rxb5 Rxa3 24. Rxa3 Qxa3 25. Bf1 Qa8 26. Rb6 g6 27. h5 g5
28. Nh2 Qd8 29. Ng4 Be7 30. Ra6 Nb4 31. Ra7 Qb8 32. Nf6+ Bxf6 33. exf6 e5 34.
Bc5 Nc6 35. Ra6 Qd8 36. Rxc6 Bxc6 37. Qxe5+ Kd7 38. Qd6+ Ke8 39. Qxc6+ Qd7 40.
Qa8+ 1-0

[Event "Russian Championship B13 1st league 2016"]
[Site "Loo"]
[Date "2016.04.28"]
[Round "9.6"]
[White "Bobkov, Vadim"]
[Black "Lvov, Nikita"]
[Result "1-0"]
[WhiteElo "1839"]
[BlackElo "1731"]
[PlyCount "95"]
[EventDate "2016.04.20"]

1. d4 d5 2. c4 e6 3. Nc3 Nf6 4. cxd5 exd5 5. Bg5 Nbd7 6. e3 c6 7. Bd3 h6 8. Bh4
Be7 9. Nge2 O-O 10. O-O Ne4 11. Bxe7 Qxe7 12. Qc2 f5 13. Rae1 Ndf6 14. f3 Nd6
15. Ng3 Bd7 16. Nxf5 Nxf5 17. Bxf5 Bxf5 18. Qxf5 Ne4 19. Nxd5 cxd5 20. Qxd5+
Rf7 21. fxe4 Raf8 22. Rxf7 Qxf7 23. Rf1 Qxd5 24. Rxf8+ Kxf8 25. exd5 Ke7 26. e4
Kd6 27. Kf2 b5 28. b4 h5 29. h4 g6 30. Ke3 a6 31. Kf4 Ke7 32. e5 Kf7 33. d6 Ke6
34. g3 g5+ 35. Kxg5 a5 36. bxa5 b4 37. a6 b3 38. axb3 Kd7 39. a7 Ke6 40. a8=Q
Kd7 41. Qb7+ Ke6 42. Qc8+ Kd5 43. Qc4+ Ke4 44. d7 Ke3 45. d5 Kf2 46. Kf4 Kg2
47. Qe2+ Kg1 48. Kf3 1-0

[Event "Russian Championship B13 1st league 2016"]
[Site "Loo"]
[Date "2016.04.28"]
[Round "9.7"]
[White "Novikov, Roman"]
[Black "Zemskov, Roman"]
[Result "0-1"]
[WhiteElo "1711"]
[BlackElo "1824"]
[PlyCount "114"]
[EventDate "2016.04.20"]

1. d4 g6 2. Nf3 d6 3. e4 Bg7 4. c3 Nd7 5. Bc4 e6 6. Bg5 Ne7 7. Qd2 h6 8. Bh4 b6
9. O-O Bb7 10. Re1 O-O 11. Na3 a6 12. Qe3 Qe8 13. Nd2 c5 14. Bg3 b5 15. Bd3 e5
16. d5 f5 17. f4 fxe4 18. Bxe4 Bxd5 19. Qd3 Qf7 20. Bxd5 Qxd5 21. Qxd5+ Nxd5
22. fxe5 dxe5 23. c4 Nb4 24. Nf3 e4 25. Rxe4 Bxb2 26. Rd1 Nf6 27. Re3 Rad8 28.
Rb1 Bd4 29. Nxd4 cxd4 30. Ree1 Nxa2 31. cxb5 Nc3 32. Rb2 d3 33. Be5 Nfe4 34.
Bxc3 Nxc3 35. Nc4 axb5 36. Nd2 Rde8 37. Rxe8 Rxe8 38. Nf1 Re2 39. Rd2 Rxd2 40.
Nxd2 Nd1 41. Kf1 Kf7 42. Ke1 Nb2 43. Ne4 Nc4 44. Nc5 d2+ 45. Ke2 Kf6 46. Na6
Ke5 47. Nb4 Kd4 48. g3 Kc3 49. Nd5+ Kb3 50. Kd1 b4 51. h4 Ka3 52. g4 b3 53. g5
h5 54. Nc3 Kb2 55. Na4+ Ka1 56. Nc5 b2 57. Nb3+ Ka2 0-1

[Event "Russian Championship B13 1st league 2016"]
[Site "Loo"]
[Date "2016.04.28"]
[Round "9.8"]
[White "Peregudov, Denis"]
[Black "Kamaev, Dzhabrail"]
[Result "0-1"]
[WhiteElo "1517"]
[BlackElo "1823"]
[PlyCount "86"]
[EventDate "2016.04.20"]

1. d4 Nf6 2. c4 g6 3. Nc3 Bg7 4. e4 d6 5. Be2 O-O 6. Bg5 h6 7. Be3 e5 8. d5 Ne8
9. f3 f5 10. Bf2 Nd7 11. h4 Ndf6 12. g4 Bd7 13. h5 fxg4 14. fxg4 gxh5 15. gxh5
Nh7 16. Nf3 Ng5 17. Bh4 Nxf3+ 18. Bxf3 Bf6 19. Bxf6 Qxf6 20. Rf1 Qh4+ 21. Kd2
Bh3 22. Rg1+ Kh7 23. Bg4 Qg5+ 24. Kc2 Rf2+ 25. Be2 Qxh5 26. Rh1 Qf3 27. Kb3 Qe3
28. Qe1 Bd7 29. a3 Ng7 30. Ka2 Raf8 31. Rd1 Qg5 32. Rd3 a6 33. a4 Ne8 34. Rg1
Rg2 35. Rh1 Rff2 36. Rh5 Qg6 37. Rh4 Nf6 38. Re3 Qg5 39. Reh3 Bxh3 40. Rxh3 Rh2
41. Rd3 Qg2 42. Rd2 Rh1 43. Bf1 Rhxf1 0-1

[Event "Russian Championship B13 1st league 2016"]
[Site "Loo"]
[Date "2016.04.28"]
[Round "9.9"]
[White "Bashev, Fyodor"]
[Black "Ril, Evgeny"]
[Result "0-1"]
[WhiteElo "1658"]
[BlackElo "1797"]
[PlyCount "82"]
[EventDate "2016.04.20"]

1. e4 e5 2. Nf3 Nc6 3. Bb5 a6 4. Bxc6 dxc6 5. h3 Bd6 6. d4 exd4 7. Qxd4 f6 8.
Nc3 Be6 9. Be3 Ne7 10. O-O Ng6 11. Qd2 O-O 12. Nd4 Bd7 13. a3 Ne5 14. Qe2 Qe7
15. f4 Ng6 16. Rae1 Rfe8 17. Qd3 Rad8 18. Kh1 Kh8 19. Bd2 Qf7 20. b4 c5 21.
bxc5 Bxc5 22. Be3 Bxa3 23. Nd5 Bd6 24. e5 Qxd5 25. exd6 Qxd6 26. Qb3 b6 27. Qc4
a5 28. Qc3 Re4 29. Rd1 Qe7 30. Bc1 c5 31. Nb3 Bb5 32. Rxd8+ Qxd8 33. Re1 Rc4
34. Qb2 Bc6 35. Rf1 Qd5 36. Rf2 Nxf4 37. Bxf4 Rxf4 38. Rd2 Qg8 39. Rd6 Rf1+ 40.
Kh2 Qb8 41. g3 Rh1# 0-1